Latin 1st Declension - Statistics

General Stats
  • This quiz has been taken 3 times
  • The average score is 7 of 30
Answer Stats
English Latin % Correct
With the Farmers Agricolīs
100%
The Friends Amīcae
100%
O the Luck Fortūna
100%
Of the Delay Morae
100%
With the Sailors Nautīs
100%
O the Poet Poēta
100%
With the Gate Portā
100%
O the Gate Porta
100%
O the Rose Rosa
100%
With the Wisdom Sapientiā
100%
Of the Wisdoms Sapientiārum
100%
Of the Lives Vītārum
100%
Of the Farmer Agricolae
50%
The Farmer Agricola
0%
With the Farmer Agricolā
0%
O the Farmer Agricola
0%
For the Farmer Agricolae
0%
The Farmers Agricolae
0%
O the Farmers Agricolae
0%
The Farmer (DO) Agricolam
0%
Of the Farmers Agricolārum
0%
The Farmers (DO) Agricolās
0%
For the Farmers Agricolīs
0%
The Friend Amīca
0%
With the Friend Amīcā
0%
O the Friend Amīca
0%
Of the Friend Amīcae
0%
For the Friend Amīcae
0%
O the Friends Amīcae
0%
The Friend (DO) Amīcam
0%
Of the Friends Amīcārum
0%
The Friends (DO) Amīcās
0%
For the Friends Amīcīs
0%
With the Friends Amīcīs
0%
The Care Cūra
0%
With the Care Cūrā
0%
O the Care Cūra
0%
Of the Care Cūrae
0%
For the Care Cūrae
0%
The Cares Cūrae
0%
O the Cares Cūrae
0%
The Care (DO) Cūram
0%
Of the Cares Cūrārum
0%
The Cares (DO) Cūrās
0%
For the Cares Cūrīs
0%
With the Cares Cūrīs
0%
The Fame Fāma
0%
With the Fame Fāmā
0%
O the Fame Fāma
0%
Of the Fame Fāmae
0%
For the Fame Fāmae
0%
The Rumors Fāmae
0%
O the Rumors Fāmae
0%
The Fame (DO) Fāmam
0%
Of the Rumors Fāmārum
0%
The Rumors (DO) Fāmās
0%
For the Rumors Fāmīs
0%
With the Rumors Fāmīs
0%
The Woman Fēmina
0%
With the Woman Fēminā
0%
O the Woman Fēmina
0%
Of the Woman Fēminae
0%
For the Woman Fēminae
0%
The Women Fēminae
0%
O the Women Fēminae
0%
The Woman (DO) Fēminam
0%
Of the Women Fēminārum
0%
The Women (DO) Fēminās
0%
For the Women Fēminīs
0%
With the Women Fēminīs
0%
The Daughter Fīlia
0%
With the Daughter Fīliā
0%
O the Daughter Fīlia
0%
For the Daughters Fīliābus
0%
With the Daughters Fīliābus
0%
Of the Daughter Fīliae
0%
For the Daughter Fīliae
0%
The Daughters Fīliae
0%
O the Daughters Fīliae
0%
The Daughter (DO) Fīliam
0%
Of the Daughters Fīliārum
0%
The Daughters (DO) Fīliās
0%
The Form Fōrma
0%
With the Form Fōrmā
0%
O the Form Fōrma
0%
Of the Form Fōrmae
0%
For the Form Fōrmae
0%
The Forms Fōrmae
0%
O the Forms Fōrmae
0%
The Form (DO) Fōrmam
0%
Of the Forms Fōrmārum
0%
The Forms (DO) Fōrmās
0%
For the Forms Fōrmīs
0%
With the Forms Fōrmīs
0%
The Luck Fortūna
0%
With the Luck Fortūnā
0%
Of the Luck Fortūnae
0%
For the Luck Fortūnae
0%
The Lucks Fortūnae
0%
O the Lucks Fortūnae
0%
The Luck (DO) Fortūnam
0%
Of the Lucks Fortūnārum
0%
The Lucks (DO) Fortūnās
0%
For the Lucks Fortūnīs
0%
With the Lucks Fortūnīs
0%
The Anger Īra
0%
With the Anger Īrā
0%
O the Anger Īra
0%
Of the Anger Īrae
0%
For the Anger Īrae
0%
The Angers Īrae
0%
O the Angers Īrae
0%
The Anger (DO) Īram
0%
Of the Angers Īrārum
0%
The Angers (DO) Īrās
0%
For the Angers Īrīs
0%
With the Angers Īrīs
0%
The Delay Mora
0%
With the Delay Morā
0%
O the Delay Mora
0%
For the Delay Morae
0%
The Delays Morae
0%
O the Delays Morae
0%
The Delay (DO) Moram
0%
Of the Delays Morārum
0%
The Delays (DO) Morās
0%
For the Delays Morīs
0%
With the Delays Morīs
0%
The Sailor Nauta
0%
With the Sailor Nautā
0%
O the Sailor Nauta
0%
Of the Sailor Nautae
0%
For the Sailor Nautae
0%
The Sailors Nautae
0%
O the Sailors Nautae
0%
The Sailor (DO) Nautam
0%
Of the Sailors Nautārum
0%
The Sailors (DO) Nautās
0%
For the Sailors Nautīs
0%
The Fatherland Patria
0%
With the Fatherland Patriā
0%
O the Fatherland Patria
0%
Of the Fatherland Patriae
0%
For the Fatherland Patriae
0%
The Fatherlands Patriae
0%
O the Fatherlands Patriae
0%
The Fatherland (DO) Patriam
0%
Of the Fatherlands Patriārum
0%
The Fatherlands (DO) Patriās
0%
For the Fatherlands Patriīs
0%
With the Fatherlands Patriīs
0%
The Wealth Pecūnia
0%
With the Wealth Pecūniā
0%
O the Wealth Pecūnia
0%
Of the Wealth Pecūniae
0%
For the Wealth Pecūniae
0%
The Wealths Pecūniae
0%
O the Wealths Pecūniae
0%
The Wealth (DO) Pecūniam
0%
Of the Wealths Pecūniārum
0%
The Wealths (DO) Pecūniās
0%
For the Wealths Pecūniīs
0%
With the Wealths Pecūniīs
0%
The Philosophy Philosophia
0%
With the Philosophy Philosophiā
0%
O the Philosophy Philosophia
0%
Of the Philosophy Philosophiae
0%
For the Philosophy Philosophiae
0%
The Philosophies Philosophiae
0%
O the Philosophies Philosophiae
0%
The Philosophy (DO) Philosophiam
0%
Of the Philosophies Philosophiārum
0%
The Philosophies (DO) Philosophiās
0%
For the Philosophies Philosophiīs
0%
With the Philosophies Philosophiīs
0%
The Penalty Poena
0%
With the Penalty Poenā
0%
O the Penalty Poena
0%
Of the Penalty Poenae
0%
For the Penalty Poenae
0%
The Penalties Poenae
0%
O the Penalties Poenae
0%
The Penalty (DO) Poenam
0%
Of the Penalties Poenārum
0%
The Penalties (DO) Poenās
0%
For the Penalties Poenīs
0%
With the Penalties Poenīs
0%
The Poet Poēta
0%
With the Poet Poētā
0%
Of the Poet Poētae
0%
For the Poet Poētae
0%
The Poets Poētae
0%
O the Poets Poētae
0%
The Poet (DO) Poētam
0%
Of the Poets Poētārum
0%
The Poets (DO) Poētās
0%
For the Poets Poētīs
0%
With the Poets Poētīs
0%
The Gate Porta
0%
Of the Gate Portae
0%
For the Gate Portae
0%
The Gates Portae
0%
O the Gates Portae
0%
The Gate (DO) Portam
0%
Of the Gates Portārum
0%
The Gates (DO) Portās
0%
For the Gates Portīs
0%
With the Gates Portīs
0%
The Girl Puella
0%
With the Girl Puellā
0%
O the Girl Puella
0%
Of the Girl Puellae
0%
For the Girl Puellae
0%
The Girls Puellae
0%
O the Girls Puellae
0%
The Girl (DO) Puellam
0%
Of the Girls Puellārum
0%
The Girls (DO) Puellās
0%
For the Girls Puellīs
0%
With the Girls Puellīs
0%
The Rose Rosa
0%
With the Rose Rosā
0%
Of the Rose Rosae
0%
For the Rose Rosae
0%
The Roses Rosae
0%
O the Roses Rosae
0%
The Rose (DO) Rosam
0%
Of the Roses Rosārum
0%
The Roses (DO) Rosās
0%
For the Roses Rosīs
0%
With the Roses Rosīs
0%
The Wisdom Sapientia
0%
O the Wisdom Sapientia
0%
Of the Wisdom Sapientiae
0%
For the Wisdom Sapientiae
0%
The Wisdoms Sapientiae
0%
O the Wisdoms Sapientiae
0%
The Wisdom (DO) Sapientiam
0%
The Wisdoms (DO) Sapientiās
0%
For the Wisdoms Sapientiīs
0%
With the Wisdoms Sapientiīs
0%
The Opinon Sententia
0%
With the Opinon Sententiā
0%
O the Opinon Sententia
0%
Of the Opinon Sententiae
0%
For the Opinon Sententiae
0%
The Opinons Sententiae
0%
O the Opinons Sententiae
0%
The Opinon (DO) Sententiam
0%
Of the Opinons Sententiārum
0%
The Opinons (DO) Sententiās
0%
For the Opinons Sententiīs
0%
With the Opinons Sententiīs
0%
The Life Vīta
0%
With the Life Vītā
0%
O the Life Vīta
0%
Of the Life Vītae
0%
For the Life Vītae
0%
The Lives Vītae
0%
O the Lives Vītae
0%
The Life (DO) Vītam
0%
The Lives (DO) Vītās
0%
For the Lives Vītīs
0%
With the Lives Vītīs
0%
No matching quizzes found
Score Distribution
Percent of People with Each Score
Percentile by Number Answered
Your Score History
You have not taken this quiz